[Event "ISR-chT"]
[Site "Israel"]
[Date "2015.05.01"]
[Round "11.2"]
[White "Porat, Shay"]
[Black "Khmelniker, Ilya"]
[Result "1-0"]
[WhiteElo "2516"]
[BlackElo "2503"]
[PlyCount "89"]
[EventDate "2015.01.09"]
[EventType "team-tourn"]
[EventRounds "11"]
[EventCountry "ISR"]
[SourceTitle "EXT 2016"]
[Source "ChessBase"]
[SourceDate "2015.10.08"]
[SourceVersion "1"]
[SourceVersionDate "2015.10.08"]
[SourceQuality "1"]
[WhiteTeam "Porat Mathematics"]
[BlackTeam "Beer Sheva II"]
[WhiteTeamCountry "ISR"]
[BlackTeamCountry "ISR"]

1. d4 Nf6 2. c4 g6 3. Nf3 Bg7 4. g3 c6 5. Bg2 d5 6. b3 0-0 7. 0-0 dxc4 8. bxc4 c5 9. Bb2 Qb6 10. Qb3 Ne4 11. e3 cxd4 12. Bxd4 Qxb3 13. axb3 Nc6 14. Bxg7 Kxg7 15. Nd4 Nxd4 16. exd4 Nd6 17. Nc3 Nf5 18. Rfd1 Rd8 19. Nd5 Bd7 20. Ne3 Nxe3 21. fxe3 Bc6 22. Bxc6 bxc6 23. Kf2 Rd7 24. Ke2 Rb8 25. Rdb1 e6 26. Ra6 Rc7 27. Kd3 Kf6 28. Kc3 Ke7 29. Rba1 Rbb7 30. R1a5 Kd7 31. e4 f5 32. e5 Ke7 33. b4 Kd7 34. h4 h6 35. b5 cxb5 36. c5 Ke7 37. Rd6 Kf7 38. Kb4 g5 39. h5 Rb8 40. Raa6 Re7 41. d5 exd5 42. Rf6+ Kg8 43. Rg6+ Rg7 44. Rxa7 Rxg6 45. hxg6 1-0

[Event "ISR-chT 13"]
[Site "Israel"]
[Date "2012.12.28"]
[Round "3.1"]
[White "Bitensky, Igor"]
[Black "Porat, Shay"]
[Result "1/2-1/2"]
[WhiteElo "2400"]
[BlackElo "2511"]
[PlyCount "44"]
[EventDate "2012.12.21"]
[EventType "team"]
[EventRounds "11"]
[EventCountry "ISR"]
[SourceTitle "EXT 2014"]
[Source "ChessBase"]
[SourceDate "2013.11.20"]
[SourceVersion "1"]
[SourceVersionDate "2013.11.20"]
[SourceQuality "1"]

1. Nf3 Nf6 2. g3 g6 3. Bg2 Bg7 4. 0-0 0-0 5. d3 d6 6. c4 e5 7. Nc3 Nc6 8. Rb1 a5 9. a3 h6 10. b4 axb4 11. axb4 Be6 12. b5 Ne7 13. Bb2 Qd7 14. Re1 Bh3 15. Bh1 Qe6 16. Ra1 d5 17. cxd5 Nexd5 18. Nxd5 Nxd5 19. Qb3 Rxa1 20. Bxa1 Ra8 21. Bb2 Nf4 22. Qxe6 Nxe6 1/2-1/2

[Event "ISR-chT 1112"]
[Site "Israel"]
[Date "2012.02.24"]
[Round "9.2"]
[White "Porat, Shay"]
[Black "Baron, Tal"]
[Result "1-0"]
[WhiteElo "2490"]
[BlackElo "2504"]
[PlyCount "75"]
[EventDate "2011.12.16"]
[EventType "team-tourn"]
[EventRounds "11"]
[EventCountry "ISR"]
[SourceTitle "EXT 2013"]
[Source "ChessBase"]
[SourceDate "2012.11.22"]
[SourceVersion "1"]
[SourceVersionDate "2012.11.22"]
[SourceQuality "1"]

1. d4 Nf6 2. Nf3 g6 3. c4 Bg7 4. g3 0-0 5. Bg2 d6 6. 0-0 Nc6 7. Nc3 Bf5 8. d5 Na5 9. Nd4 Bd7 10. b3 c5 11. Nc2 a6 12. Qd3 Rb8 13. Bd2 b5 14. Rab1 e5 15. dxe6 Bxe6 16. Nd5 Re8 17. Nce3 Nd7 18. Nf4 Bd4 19. Nxe6 fxe6 20. Qc2 b4 21. Ng4 Qc7 22. Nh6+ Kg7 23. e3 Bf6 24. Ng4 Be7 25. f4 Nf6 26. Nf2 Kg8 27. Rbd1 Bf8 28. Bc1 Bg7 29. g4 Rbd8 30. g5 Nh5 31. Bf3 Qf7 32. Bb2 Re7 33. Ne4 Qf5 34. Bxg7 Nxg7 35. Nf6+ Kf7 36. Be4 Qh3 37. Rf3 Qh4 38. Kg2 1-0

[Event "ISR-chT 1112"]
[Site "Israel"]
[Date "2012.02.03"]
[Round "7.1"]
[White "Porat, Shay"]
[Black "Gershon, Alik"]
[Result "1-0"]
[WhiteElo "2490"]
[BlackElo "2499"]
[PlyCount "65"]
[EventDate "2011.12.16"]
[EventType "team-tourn"]
[EventRounds "11"]
[EventCountry "ISR"]
[SourceTitle "EXT 2013"]
[Source "ChessBase"]
[SourceDate "2012.11.22"]
[SourceVersion "1"]
[SourceVersionDate "2012.11.22"]
[SourceQuality "1"]

1. d4 Nf6 2. c4 e6 3. g3 c5 4. d5 exd5 5. cxd5 b5 6. Nf3 d6 7. e4 Qa5+ 8. Nbd2 Ba6 9. a4 Be7 10. b4 cxb4 11. Bb2 Qb6 12. Nd4 0-0 13. Bxb5 Bxb5 14. axb5 Nfd7 15. Nc4 Qc7 16. Rc1 Bf6 17. 0-0 Nc5 18. Nxd6 Nbd7 19. N6f5 Qb6 20. Qc2 Rfe8 21. Rfe1 a5 22. Nc6 b3 23. Qb1 a4 24. Ba3 Nb7 25. Qd3 Ne5 26. Qe2 g6 27. Nxe5 Bxe5 28. Nh6+ Kg7 29. Ng4 Bd4 30. Qd2 h5 31. Rc6 hxg4 32. Rxb6 Bxb6 33. Qc3+ 1-0

[Event "ISR-chT 1011"]
[Site "Israel"]
[Date "2011.05.27"]
[Round "7.1"]
[White "Porat, Shay"]
[Black "Sveshnikov, Evgeny"]
[Result "1-0"]
[WhiteElo "2471"]
[BlackElo "2521"]
[PlyCount "107"]
[EventDate "2010.12.24"]
[EventType "team-tourn"]
[EventRounds "11"]
[EventCountry "ISR"]
[SourceTitle "EXT 2012"]
[Source "ChessBase"]
[SourceDate "2011.11.24"]
[SourceVersion "1"]
[SourceVersionDate "2011.11.24"]
[SourceQuality "1"]
[WhiteTeam "Porat Mathematics"]
[BlackTeam "Petah Tikva Hapoel"]
[WhiteTeamCountry "ISR"]
[BlackTeamCountry "ISR"]

1. d4 d5 2. c4 e6 3. Nf3 Nf6 4. g3 dxc4 5. Bg2 a6 6. 0-0 Nc6 7. Nc3 Rb8 8. e4 b5 9. d5 Nb4 10. b3 exd5 11. exd5 Nd3 12. bxc4 Nxc1 13. Rxc1 Be7 14. Ne5 Bd7 15. cxb5 axb5 16. Bh3 Bxh3 17. Nc6 Qd6 18. Nxb8 0-0 19. Nc6 Bxf1 20. Qxf1 b4 21. Nb5 Qd7 22. Nxe7+ Qxe7 23. Nxc7 Qd7 24. Qc4 Rc8 25. Qc6 Qf5 26. d6 Ne4 27. f4 h5 28. d7 Rd8 29. Ne6 fxe6 30. Qc8 Qd5 31. Qxd8+ Kh7 32. Qb6 Qxd7 33. Re1 Qd5 34. Qe3 Nf6 35. Qxe6 Qc5+ 36. Qe3 Qd5 37. Re2 h4 38. Rd2 Qh5 39. Qd3+ Kh6 40. Qe3 Qg4 41. Qe5 Kh7 42. f5 Qc4 43. Qd4 Qc1+ 44. Rd1 Qc2 45. Qxh4+ Kg8 46. Qd4 Qxa2 47. Qxb4 Qe2 48. Qd2 Qe5 49. Qd3 Kh7 50. Qf3 Kg8 51. Kh1 Qc5 52. g4 Qc2 53. Rd8+ Kf7 54. Qb7+ 1-0

[Event "ISR-chT 1011"]
[Site "Israel"]
[Date "2011.03.11"]
[Round "5.1"]
[White "Zubov, Alexander"]
[Black "Porat, Shay"]
[Result "0-1"]
[WhiteElo "2583"]
[BlackElo "2471"]
[PlyCount "88"]
[EventDate "2010.12.24"]
[EventType "team-tourn"]
[EventRounds "11"]
[EventCountry "ISR"]
[SourceTitle "EXT 2012"]
[Source "ChessBase"]
[SourceDate "2011.11.24"]
[SourceVersion "1"]
[SourceVersionDate "2011.11.24"]
[SourceQuality "1"]
[WhiteTeam "Petah Tikva Elitzur"]
[BlackTeam "Porat Mathematics"]
[WhiteTeamCountry "ISR"]
[BlackTeamCountry "ISR"]

1. d4 Nf6 2. c4 e6 3. Nc3 Bb4 4. e3 0-0 5. Nge2 d5 6. a3 Be7 7. cxd5 exd5 8. Ng3 c5 9. Bd3 Nc6 10. 0-0 Re8 11. Bc2 a6 12. Nce2 cxd4 13. exd4 Qb6 14. Rb1 Bg4 15. h3 Bxe2 16. Nxe2 Bd6 17. b4 Bb8 18. Ba4 Re4 19. Be3 Qc7 20. g3 h5 21. Bc2 Re8 22. h4 g6 23. Nf4 Qd7 24. Qf3 Ne4 25. Rbd1 Ba7 26. Bb3 Ne7 27. Rc1 Bb8 28. Rfd1 a5 29. bxa5 Rxa5 30. a4 Nf5 31. Rd3 Nxe3 32. fxe3 Qf5 33. Rdd1 Nf6 34. Rf1 Bxf4 35. exf4 Qh3 36. Rfe1 Re4 37. Rxe4 Nxe4 38. f5 gxf5 39. Rc8+ Kg7 40. Rb8 Ra6 41. Qf4 Rg6 42. Qe5+ Nf6 43. Kf2 Qh2+ 44. Kf3 f4 0-1

[Event "ISR-chT 1011"]
[Site "Israel"]
[Date "2011.03.04"]
[Round "3.1"]
[White "Porat, Shay"]
[Black "Caspi, Israel"]
[Result "1-0"]
[WhiteElo "2471"]
[BlackElo "2451"]
[PlyCount "67"]
[EventDate "2010.12.24"]
[EventType "team-tourn"]
[EventRounds "11"]
[EventCountry "ISR"]
[SourceTitle "EXT 2012"]
[Source "ChessBase"]
[SourceDate "2011.11.24"]
[SourceVersion "1"]
[SourceVersionDate "2011.11.24"]
[SourceQuality "1"]
[WhiteTeam "Porat Mathematics"]
[BlackTeam "Netanya"]
[WhiteTeamCountry "ISR"]
[BlackTeamCountry "ISR"]

1. d4 f5 2. g3 Nf6 3. Bg2 g6 4. Nf3 Bg7 5. 0-0 0-0 6. c4 d6 7. Nc3 Nc6 8. d5 Na5 9. Qc2 Nxc4 10. Nb5 a6 11. Nbd4 Nb6 12. Ng5 Nbxd5 13. Nge6 Bxe6 14. Nxe6 Qd7 15. Nxf8 Rxf8 16. Qb3 c6 17. f3 e6 18. e4 Ne7 19. Rd1 fxe4 20. fxe4 d5 21. Be3 Ng4 22. Bc5 Ne5 23. Rf1 Re8 24. Rad1 Nc8 25. exd5 cxd5 26. Bxd5 Qc7 27. Bxe6+ Kh8 28. Bd4 Ne7 29. Qc3 N7c6 30. Bd7 Rd8 31. Bxc6 Rxd4 32. Rxd4 Nxc6 33. Rd7 Qb6+ 34. Kh1 1-0

[Event "ISR-chT 0809"]
[Site "Israel"]
[Date "2009.05.08"]
[Round "7"]
[White "Porat, Shay"]
[Black "Abergel, Thal"]
[Result "0-1"]
[WhiteElo "2459"]
[BlackElo "2509"]
[PlyCount "108"]
[EventDate "2008.12.12"]
[EventType "team-tourn"]
[EventRounds "11"]
[EventCountry "ISR"]
[SourceTitle "EXT 2010"]
[Source "ChessBase"]
[SourceDate "2010.11.25"]
[SourceVersion "1"]
[SourceVersionDate "2010.11.25"]
[SourceQuality "1"]

1. d4 d5 2. c4 c6 3. Nf3 Nf6 4. e3 a6 5. Bd3 Bg4 6. Qb3 Ra7 7. Ne5 Be6 8. Nc3 dxc4 9. Bxc4 Bxc4 10. Nxc4 e6 11. a4 a5 12. e4 Bb4 13. 0-0 0-0 14. f3 b6 15. Be3 Nbd7 16. Rfd1 Qa8 17. Rac1 Rc8 18. Bf2 Rb7 19. e5 b5 20. Ne3 bxa4 21. Qxa4 Bxc3 22. Rxc3 Nb6 23. Qc2 Nfd5 24. Rxc6 Rbc7 25. Nxd5 Rxc6 26. Ne7+ Kh8 27. Nxc6 Rxc6 28. Qd2 Nd5 29. Rc1 Rxc1+ 30. Qxc1 a4 31. Qc4 h6 32. Be1 Qb7 33. Qc2 Qa6 34. Bf2 Qb5 35. Qc8+ Kh7 36. Qc2+ g6 37. g3 Kg7 38. h4 Nb6 39. Qd2 Nc4 40. Qf4 Kg8 41. h5 Qxb2 42. hxg6 Qb1+ 43. Kg2 Qxg6 44. Qc1 Qd3 45. Qxh6 a3 46. Qg5+ Qg6 47. Qd8+ Kg7 48. Qa8 Qc2 49. Qd8 Ne3+ 50. Kg1 Nd5 51. Qg5+ Qg6 52. Qc1 a2 53. Kg2 Nf4+ 54. Kh2 Qh5+ 0-1

[Event "Cappelle op 22nd"]
[Site "Cappelle la Grande"]
[Date "2006.02.24"]
[Round "8"]
[White "Porat, Shay"]
[Black "Bruned, Yvalin"]
[Result "0-1"]
[WhiteElo "2444"]
[BlackElo "2301"]
[PlyCount "46"]
[EventDate "2006.02.18"]
[EventType "swiss"]
[EventRounds "10"]
[EventCountry "FRA"]
[SourceTitle "CBM 110 Extra"]
[Source "ChessBase"]
[SourceDate "2006.03.10"]
[SourceVersion "2"]
[SourceVersionDate "2006.03.10"]
[SourceQuality "1"]

1. d4 Nf6 2. c4 e6 3. g3 d5 4. Nf3 Be7 5. Bg2 0-0 6. 0-0 dxc4 7. Na3 Bxa3 8. bxa3 Bd7 9. Ne5 Bc6 10. Nxc6 Nxc6 11. Bb2 Nd5 12. Rc1 Nb6 13. e4 Qd7 14. d5 exd5 15. exd5 Ne7 16. Qd4 f6 17. Rfd1 Rad8 18. Qh4 Nexd5 19. Rxc4 Qb5 20. Rc2 Ne3 21. Rxd8 Rxd8 22. fxe3 Rd1+ 23. Kf2 Qf5+ 0-1

[Event "Cappelle op 22nd"]
[Site "Cappelle la Grande"]
[Date "2006.02.23"]
[Round "7"]
[White "Riazantsev, Alexander"]
[Black "Porat, Shay"]
[Result "1-0"]
[WhiteElo "2594"]
[BlackElo "2444"]
[PlyCount "87"]
[EventDate "2006.02.18"]
[EventType "swiss"]
[EventRounds "10"]
[EventCountry "FRA"]
[SourceTitle "CBM 110 Extra"]
[Source "ChessBase"]
[SourceDate "2006.03.10"]
[SourceVersion "2"]
[SourceVersionDate "2006.03.10"]
[SourceQuality "1"]

1. d4 Nf6 2. c4 e6 3. Nf3 b6 4. a3 Bb7 5. Nc3 d5 6. cxd5 Nxd5 7. Bd2 Be7 8. Qc2 0-0 9. e4 Nxc3 10. Bxc3 c5 11. dxc5 bxc5 12. Rd1 Qc7 13. Bd3 Nd7 14. 0-0 Rfd8 15. Rfe1 Rac8 16. Bb5 Bd6 17. Qa4 Nb6 18. Qa5 c4 19. Ba6 Bxa6 20. Qxa6 Bf8 21. g3 h6 22. Kg2 Rd7 23. Rxd7 Qxd7 24. Ne5 Qc7 25. Rd1 Bc5 26. Nxc4 Qc6 27. Nxb6 axb6 28. f3 f5 29. exf5 exf5 30. Qc4+ Kh7 31. Qf7 Qg6 32. Rd7 Bf8 33. Qxg6+ Kxg6 34. Rb7 Kh7 35. Bd4 Rc4 36. Be5 Rc5 37. Bc3 Rc8 38. a4 Rc4 39. Ra7 h5 40. Rf7 Kg8 41. Rxf5 Rxa4 42. Rxh5 g6 43. Rd5 Kf7 44. Rd7+ 1-0

[Event "Cappelle op 22nd"]
[Site "Cappelle la Grande"]
[Date "2006.02.20"]
[Round "3"]
[White "Nijboer, Friso"]
[Black "Porat, Shay"]
[Result "1-0"]
[WhiteElo "2571"]
[BlackElo "2444"]
[PlyCount "111"]
[EventDate "2006.02.18"]
[EventType "swiss"]
[EventRounds "10"]
[EventCountry "FRA"]
[SourceTitle "CBM 110 Extra"]
[Source "ChessBase"]
[SourceDate "2006.03.10"]
[SourceVersion "2"]
[SourceVersionDate "2006.03.10"]
[SourceQuality "1"]

1. e4 e6 2. d4 d5 3. Nc3 Nf6 4. e5 Nfd7 5. f4 c5 6. Nf3 Nc6 7. Be3 cxd4 8. Nxd4 Qb6 9. Qd2 Qxb2 10. Rb1 Qa3 11. Bb5 Nxd4 12. Bxd4 Bb4 13. Rb3 Qa5 14. a3 Be7 15. f5 exf5 16. Nxd5 Qxd2+ 17. Kxd2 Bd8 18. c4 a6 19. Ba4 0-0 20. Kc3 b5 21. cxb5 Bb7 22. Nb4 Nb6 23. Bxb6 Bxb6 24. bxa6 Rfc8+ 25. Kb2 Bd4+ 26. Ka2 Bxg2 27. Re1 Be4 28. Bd7 Rc7 29. e6 fxe6 30. Bxe6+ Kf8 31. Bd5 Re8 32. Bxe4 Rxe4 33. Rxe4 fxe4 34. Nd5 Rc6 35. Rb4 Ba7 36. Rxe4 Rc2+ 37. Kb3 Rxh2 38. Re7 Bc5 39. a7 Bxa7 40. Rxa7 h5 41. Nf4 Kg8 42. Ra5 h4 43. Rh5 Kf7 44. Rf5+ Kg8 45. a4 Rf2 46. Ng6 Rxf5 47. Ne7+ Kf7 48. Nxf5 Ke6 49. Nxh4 g5 50. Ng2 g4 51. Kc4 Kd7 52. Ne3 g3 53. Kd3 Kc6 54. Ke2 Kc5 55. a5 g2 56. Kf2 1-0

[Event "Budapest FS12 GM-A"]
[Site "Budapest"]
[Date "2005.12.12"]
[Round "10"]
[White "Farago, Ivan"]
[Black "Porat, Shay"]
[Result "1-0"]
[WhiteElo "2512"]
[BlackElo "2444"]
[PlyCount "117"]
[EventDate "2005.12.03"]
[EventType "tourn"]
[EventRounds "11"]
[EventCountry "HUN"]
[EventCategory "10"]
[SourceTitle "CBM 109 Extra"]
[Source "ChessBase"]
[SourceDate "2006.01.03"]
[SourceVersion "2"]
[SourceVersionDate "2006.01.03"]
[SourceQuality "1"]

1. d4 Nf6 2. c4 g6 3. Nc3 Bg7 4. e4 d6 5. Be2 0-0 6. Nf3 e5 7. 0-0 Nc6 8. Be3 Re8 9. dxe5 dxe5 10. h3 h6 11. c5 Nh7 12. Bb5 Bd7 13. Re1 Nf8 14. Qd2 g5 15. Rad1 g4 16. hxg4 Bxg4 17. Bxc6 bxc6 18. Qxd8 Raxd8 19. Rxd8 Rxd8 20. Nh4 Ng6 21. Nf5 Bxf5 22. exf5 Nh4 23. f6 Bxf6 24. Bxh6 Nf5 25. Be3 Be7 26. g4 Nxe3 27. Rxe3 Bxc5 28. Rxe5 Bd4 29. Re2 Bxc3 30. bxc3 Kf8 31. Re4 Rd2 32. a4 Rd5 33. Rc4 Ra5 34. Kg2 Ke8 35. Kg3 Kd7 36. f4 Kd6 37. g5 Rd5 38. Kg4 c5 39. Re4 Rd3 40. Kf5 Rxc3 41. Kf6 Rf3 42. Kxf7 Kd5 43. Re5+ Kd4 44. Rf5 c4 45. g6 c3 46. g7 c2 47. g8Q c1Q 48. Qd8+ Ke3 49. Re5+ Kf2 50. Qh4+ Rg3 51. f5 Qd2 52. Ke8 Kg2 53. Qe4+ Kf2 54. f6 Rg8+ 55. Kf7 Rg3 56. Rf5+ Kg1 57. Rd5 Qc3 58. Qd4+ Qxd4 59. Rxd4 1-0

[Event "Budapest FS12 GM-A"]
[Site "Budapest"]
[Date "2005.12.11"]
[Round "9"]
[White "Porat, Shay"]
[Black "Berczes, David"]
[Result "1-0"]
[WhiteElo "2444"]
[BlackElo "2475"]
[PlyCount "75"]
[EventDate "2005.12.03"]
[EventType "tourn"]
[EventRounds "11"]
[EventCountry "HUN"]
[EventCategory "10"]
[SourceTitle "CBM 109 Extra"]
[Source "ChessBase"]
[SourceDate "2006.01.03"]
[SourceVersion "2"]
[SourceVersionDate "2006.01.03"]
[SourceQuality "1"]

1. d4 Nf6 2. c4 e6 3. g3 Bb4+ 4. Bd2 Qe7 5. Bg2 Nc6 6. Nf3 Bxd2+ 7. Nbxd2 d6 8. 0-0 a5 9. e4 e5 10. d5 Nb8 11. Ne1 h5 12. h4 Bg4 13. Qa4+ c6 14. f3 Bc8 15. Nd3 0-0 16. b4 b5 17. cxb5 Qa7+ 18. Nf2 cxd5 19. bxa5 Nbd7 20. Nb3 dxe4 21. fxe4 Ng4 22. Bf3 Ndf6 23. Qb4 Qe3 24. Kg2 Nxf2 25. Rxf2 Bh3+ 26. Kg1 Ng4 27. Qd2 Qxf2+ 28. Qxf2 Nxf2 29. Kxf2 Rac8 30. Rc1 Rxc1 31. Nxc1 Rc8 32. b6 Rc2+ 33. Be2 Bc8 34. a4 Kf8 35. Ke3 Ke7 36. a6 Kd8 37. a7 Bb7 38. Ba6 1-0

[Event "Budapest FS12 GM-A"]
[Site "Budapest"]
[Date "2005.12.09"]
[Round "7"]
[White "Porat, Shay"]
[Black "Boros, Denes"]
[Result "1/2-1/2"]
[WhiteElo "2444"]
[BlackElo "2460"]
[PlyCount "148"]
[EventDate "2005.12.03"]
[EventType "tourn"]
[EventRounds "11"]
[EventCountry "HUN"]
[EventCategory "10"]
[SourceTitle "CBM 109 Extra"]
[Source "ChessBase"]
[SourceDate "2006.01.03"]
[SourceVersion "2"]
[SourceVersionDate "2006.01.03"]
[SourceQuality "1"]

1. d4 Nf6 2. c4 g6 3. Nc3 d5 4. cxd5 Nxd5 5. e4 Nxc3 6. bxc3 Bg7 7. Nf3 c5 8. Rb1 0-0 9. Be2 Nd7 10. 0-0 Qc7 11. Qd3 Nf6 12. d5 c4 13. Qc2 Bd7 14. Ba3 Rfe8 15. Rbd1 Qa5 16. Bb4 Ba4 17. Qc1 Qb6 18. Rd4 Ng4 19. Qa3 Bxd4 20. Nxd4 Bd7 21. Bxe7 Nf6 22. Bf3 Rxe7 23. Qxe7 Re8 24. Qa3 Nxe4 25. Bxe4 Rxe4 26. Nc2 Kg7 27. Ne3 f5 28. Nxc4 Rxc4 29. Qe7+ Kh6 30. Qxd7 Rxc3 31. Qe7 Rd3 32. h4 Rxd5 33. Qf8+ Kh5 34. Qf7 Qd6 35. Qxh7+ Kg4 36. h5 g5 37. Qxb7 Qd7 38. Qa8 Kxh5 39. Re1 Qf7 40. Qh8+ Kg6 41. g3 g4 42. Rc1 Qd7 43. Qg8+ Kf6 44. Rc8 Ke5 45. Qh8+ Ke4 46. Re8+ Kd3 47. Re3+ Kc4 48. Rc3+ Kb4 49. Rc2 Ka4 50. Rc4+ Kb5 51. Rf4 Kc6 52. Qa8+ Kd6 53. Qf8+ Ke6 54. Qh6+ Ke5 55. Qh8+ Kd6 56. Rc4 Re5 57. Rd4+ Rd5 58. Qf8+ Ke5 59. Qh8+ Kd6 60. Rc4 Re5 61. Rc8 Qe7 62. Qh6+ Qe6 63. Qd2+ Rd5 64. Rd8+ Kc6 65. Rxd5 Qxd5 66. Qc3+ Kb6 67. Qb4+ Qb5 68. Qd6+ Kb7 69. Qe7+ Ka6 70. Qd6+ Ka5 71. Qa3+ Kb6 72. Qd6+ Qc6 73. Qb4+ Ka6 74. Qa3+ Kb6 1/2-1/2

[Event "Budapest FS12 GM-A"]
[Site "Budapest"]
[Date "2005.12.08"]
[Round "6"]
[White "Erdos, Viktor"]
[Black "Porat, Shay"]
[Result "1/2-1/2"]
[WhiteElo "2522"]
[BlackElo "2444"]
[PlyCount "40"]
[EventDate "2005.12.03"]
[EventType "tourn"]
[EventRounds "11"]
[EventCountry "HUN"]
[EventCategory "10"]
[SourceTitle "CBM 109 Extra"]
[Source "ChessBase"]
[SourceDate "2006.01.03"]
[SourceVersion "2"]
[SourceVersionDate "2006.01.03"]
[SourceQuality "1"]

1. d4 Nf6 2. c4 e6 3. Nc3 Bb4 4. Qc2 d5 5. cxd5 exd5 6. Bg5 h6 7. Bh4 c5 8. dxc5 g5 9. Bg3 Ne4 10. e3 Qa5 11. Nge2 Bf5 12. Bxb8 Rxb8 13. Nd4 Bd7 14. Bd3 Ba4 15. Qxa4+ Qxa4 16. Bb5+ Qxb5 17. Ndxb5 Rc8 18. Rc1 Rxc5 19. Ke2 Bxc3 20. Nxc3 Nxc3+ 1/2-1/2

[Event "Budapest FS12 GM-A"]
[Site "Budapest"]
[Date "2005.12.03"]
[Round "1"]
[White "Porat, Shay"]
[Black "Banusz, Tamas"]
[Result "0-1"]
[WhiteElo "2444"]
[BlackElo "2460"]
[PlyCount "76"]
[EventDate "2005.12.03"]
[EventType "tourn"]
[EventRounds "11"]
[EventCountry "HUN"]
[EventCategory "10"]
[SourceTitle "CBM 109 Extra"]
[Source "ChessBase"]
[SourceDate "2006.01.03"]
[SourceVersion "2"]
[SourceVersionDate "2006.01.03"]
[SourceQuality "1"]

1. d4 d5 2. c4 c6 3. Nf3 Nf6 4. Nc3 e6 5. e3 a6 6. Bd3 dxc4 7. Bxc4 b5 8. Bd3 c5 9. 0-0 Bb7 10. dxc5 Bxc5 11. e4 Nbd7 12. Qe2 Qb8 13. Bg5 h6 14. Bxf6 gxf6 15. Rfd1 Ke7 16. Bxb5 axb5 17. Rxd7+ Kxd7 18. Qxb5+ Ke7 19. Qxc5+ Qd6 20. Qh5 Qb6 21. e5 f5 22. Qh4+ Ke8 23. Qd4 Qxd4 24. Nxd4 Ke7 25. Ndb5 Bc6 26. Nd4 Bb7 27. Ndb5 f6 28. exf6+ Kxf6 29. Re1 Rhd8 30. h4 e5 31. Re2 Rg8 32. g3 Rgd8 33. Kh2 Bf3 34. Rc2 Rac8 35. a4 Rd1 36. g4 Rh1+ 37. Kg3 fxg4 38. Ne4+ Kg7 0-1

[Event "Budapest FS03 GM"]
[Site "Budapest"]
[Date "2005.03.14"]
[Round "10"]
[White "Porat, Shay"]
[Black "Dzhakaev, Dzhakay"]
[Result "1/2-1/2"]
[WhiteElo "2395"]
[BlackElo "2486"]
[PlyCount "21"]
[EventDate "2005.03.05"]
[EventType "tourn"]
[EventRounds "11"]
[EventCountry "HUN"]
[EventCategory "7"]
[SourceTitle "CBM 105 Extra"]
[Source "ChessBase"]
[SourceDate "2005.05.01"]
[SourceVersion "1"]
[SourceVersionDate "2005.05.01"]
[SourceQuality "1"]

1. d4 d5 2. c4 c6 3. Nf3 Nf6 4. e3 Bg4 5. cxd5 Bxf3 6. Qxf3 cxd5 7. Nc3 Nc6 8. Bd2 a6 9. Bd3 e5 10. Qh3 g6 11. 0-0 1/2-1/2

[Event "Budapest FS03 GM"]
[Site "Budapest"]
[Date "2005.03.12"]
[Round "8"]
[White "Porat, Shay"]
[Black "Ilincic, Zlatko"]
[Result "1-0"]
[WhiteElo "2395"]
[BlackElo "2502"]
[PlyCount "101"]
[EventDate "2005.03.05"]
[EventType "tourn"]
[EventRounds "11"]
[EventCountry "HUN"]
[EventCategory "7"]
[SourceTitle "CBM 105 Extra"]
[Source "ChessBase"]
[SourceDate "2005.05.01"]
[SourceVersion "1"]
[SourceVersionDate "2005.05.01"]
[SourceQuality "1"]

1. d4 Nf6 2. c4 e6 3. Nf3 b6 4. Nc3 Bb4 5. Qc2 Bb7 6. a3 Be4 7. Qb3 Bxc3+ 8. Qxc3 0-0 9. Bg5 h6 10. Bh4 d5 11. Nd2 Bh7 12. cxd5 exd5 13. e3 Nbd7 14. Bb5 c6 15. Ba6 c5 16. 0-0 Qe7 17. Rac1 c4 18. Bb5 Nb8 19. Qb4 Qxb4 20. axb4 Bd3 21. Rfd1 a6 22. Ra1 Nfd7 23. Nb1 Bxb1 24. Rdxb1 Rc8 25. Ra3 f5 26. Rba1 Rc7 27. Bxa6 Nxa6 28. Rxa6 Rxa6 29. Rxa6 c3 30. bxc3 Rxc3 31. h3 Kf7 32. Ra7 Ke6 33. Ra8 g5 34. Bg3 Rb3 35. Rh8 Rxb4 36. Rxh6+ Kf7 37. Rd6 Nf6 38. f3 f4 39. exf4 Nh5 40. Kh2 gxf4 41. Bf2 b5 42. Rxd5 Kg6 43. Bh4 Rb1 44. Rd6+ Kg7 45. d5 b4 46. Rb6 Rd1 47. d6 b3 48. Rb7+ Kg6 49. d7 Nf6 50. Rb6 b2 51. Bxf6 1-0

[Event "Budapest FS03 GM"]
[Site "Budapest"]
[Date "2005.03.11"]
[Round "7"]
[White "Berczes, David"]
[Black "Porat, Shay"]
[Result "1-0"]
[WhiteElo "2313"]
[BlackElo "2395"]
[PlyCount "61"]
[EventDate "2005.03.05"]
[EventType "tourn"]
[EventRounds "11"]
[EventCountry "HUN"]
[EventCategory "7"]
[SourceTitle "CBM 105 Extra"]
[Source "ChessBase"]
[SourceDate "2005.05.01"]
[SourceVersion "1"]
[SourceVersionDate "2005.05.01"]
[SourceQuality "1"]

1. d4 Nf6 2. c4 g6 3. Nc3 Bg7 4. e4 d6 5. Nf3 0-0 6. Be2 e5 7. d5 a5 8. Bg5 h6 9. Bh4 Qe8 10. Nd2 Nh7 11. 0-0 h5 12. f3 Bh6 13. Bf2 Na6 14. b3 Qe7 15. Qc2 f5 16. a3 f4 17. c5 Nxc5 18. b4 Na6 19. Qb3 g5 20. b5 Nb8 21. b6 g4 22. Kh1 g3 23. Bg1 Kh8 24. bxc7 Rg8 25. cxb8Q Bh3 26. Qxa8 Nf8 27. Bf2 Qh4 28. Rg1 Qg5 29. Qb6 h4 30. Qad8 gxf2 31. Qxg5 1-0

[Event "Budapest FS03 GM"]
[Site "Budapest"]
[Date "2005.03.08"]
[Round "4"]
[White "Papp, Gabor"]
[Black "Porat, Shay"]
[Result "1/2-1/2"]
[WhiteElo "2477"]
[BlackElo "2395"]
[PlyCount "91"]
[EventDate "2005.03.05"]
[EventType "tourn"]
[EventRounds "11"]
[EventCountry "HUN"]
[EventCategory "7"]
[SourceTitle "CBM 105 Extra"]
[Source "ChessBase"]
[SourceDate "2005.05.01"]
[SourceVersion "1"]
[SourceVersionDate "2005.05.01"]
[SourceQuality "1"]

1. e4 e6 2. d4 d5 3. Nc3 Nf6 4. Bg5 Bb4 5. e5 h6 6. Be3 Ne4 7. Qg4 Kf8 8. a3 Bxc3+ 9. bxc3 c5 10. Bd3 h5 11. Qf4 Nxc3 12. dxc5 Qa5 13. Qb4 Qxb4 14. axb4 Nc6 15. Bd2 Ne4 16. Bxe4 dxe4 17. Bc3 Bd7 18. 0-0-0 Be8 19. Nh3 a5 20. bxa5 Nxa5 21. Rd4 Ke7 22. Rhd1 Bc6 23. Kb1 Rhb8 24. Bb4 Ke8 25. Nf4 g6 26. Kb2 e3 27. fxe3 Bb5 28. Bxa5 Rxa5 29. Ra1 Rxa1 30. Kxa1 Rc8 31. c4 Ba4 32. Nd3 Bc2 33. Nb4 Ba4 34. Nd3 Bc2 35. c6 bxc6 36. Nc5 Rb8 37. Ka2 g5 38. Nd7 Rb7 39. Nf6+ Ke7 40. Nxh5 c5 41. Rg4 Rb3 42. Rg3 Rd3 43. Nf6 Bb3+ 44. Kb2 Bxc4 45. Ne4 Bd5 46. Nc3 1/2-1/2